000 01029nam a2200205Ia 4500
999 _c5232
_d5232
003 OSt
005 20200507105702.0
008 191128s1983 ck gr 100 0 spa d
040 _aCO-JMCR
_cCO-JMCR
041 0 _aspa
082 0 4 _a327.172 /
_bF727c
_223
111 2 _aForo Colombia los no alineados y el nuevo orden económico internacional
_d(1983 :
_cBogotá)
_94064
245 1 0 _aColombia no alineada :
_bmemoria de un foro y declaración de Nueva Delhi, 1983 /
_cMarco Palacios compilador
260 _aBogotá :
_bBiblioteca Banco Popular
_c1983
300 _a229 páginas ;
_c24 cm.
505 0 _aEl movimiento de los no alineados: historia y perspectivas -- Colombia y el nuevo orden económico internacional -- El interés nacional y el ingreso a los no alineados -- Mesa redonda: la actual política internacional de Colombia
650 1 4 _aRelaciones internacionales
_vcongresos, seminarios, etc.
_zColombia
_94065
650 1 4 _aPolítica internacional
_vcongresos, seminarios, etc.
_zColombia
_94066
942 _2ddc
_cBK